Scotland offices market update (Record no. 83947)

MARC details
000 -LEADER
fixed length control field 01194cad a22002055a 4500
001 - CONTROL NUMBER
control field L156073
008 - FIXED-LENGTH DATA ELEMENTS--GENERAL INFORMATION
fixed length control field 120430s2012 xxk 000 0 eng d
035 ## - SYSTEM CONTROL NUMBER
System control number (Sirsi) u156073
041 0# - LANGUAGE CODE
Language code of text/sound track or separate title eng
110 2# - MAIN ENTRY--CORPORATE NAME
Corporate name or jurisdiction name as entry element CB Richard Ellis
9 (RLIN) 3675
245 00 - TITLE STATEMENT
Title Scotland offices market update
Medium [electronic resource]
260 ## - PUBLICATION, DISTRIBUTION, ETC.
Place of publication, distribution, etc. [S.l.]
Name of publisher, distributor, etc. CBRE
Date of publication, distribution, etc. 2012
490 ## - SERIES STATEMENT
Series statement CBRE Scotland Offices Market Update
Volume/sequential designation Q1 2012
520 ## - SUMMARY, ETC.
Summary, etc. More quarterly take-up in the Glasgow office than has been seen since Q2 2010 with total availability creeping up 5% over Q1 2011. Demand in Edinburgh's office market has held up well this quarter, 13% over previous quarter and 31% more than the long-term average quarterly average. Aberdeen is again the best performing Scottish city in Q1 2012 in terms of office take-up. Top deals in Q1 2012. tables covering take-up, availability, prime rents and yields for Glasgow, Edinburgh and Aberdeen.
590 ## - LOCAL NOTE (RLIN)
Local note KA
651 #4 - SUBJECT ADDED ENTRY--GEOGRAPHIC NAME
Geographic name Scotland
690 ## - LOCAL SUBJECT ADDED ENTRY--TOPICAL TERM (OCLC, RLIN)
Topical term or geographic name as entry element Commercial property
9 (RLIN) 6227
856 40 - ELECTRONIC LOCATION AND ACCESS
Uniform Resource Identifier <a href="https://www.cbre.co.uk/portal/page/portal/uk_en/research">https://www.cbre.co.uk/portal/page/portal/uk_en/research</a>
Public note View the report (highlight United Kingdom -Edinburgh in UK location search box then click on search) at www.cbre.co.uk
942 ## - ADDED ENTRY ELEMENTS (KOHA)
Suppress in OPAC 0
Holdings
Withdrawn status Lost status Source of classification or shelving scheme Damaged status Not for loan Home library Current library Shelving location Date acquired Total Checkouts Full call number Barcode Date last seen Copy number Price effective from Koha item type
    Dewey Decimal Classification     Virtual Virtual Online 29/04/2012   ONLINE PUBLICATION 156073-2001 06/08/2019 1 06/08/2019 Book